Random MLB Knowledge Quiz #1 - Statistics

General Stats
  • This quiz has been taken 9 times
  • The average score is 3 of 15
Answer Stats
Hint Answer % Correct
Who hit two grand slams in the same inning? Fernando Tatis Sr.
50%
Who pitched a no-hitter while high on LSD? Dock Ellis
38%
Name both players born on November 21st in Donora, Pennsylvania. (Hint: They are both Hall of Famers) Ken Griffey Jr.
38%
Who is the all-time leader in Hit By Pitches? Craig Biggio
25%
What player broke his ankle jumping on home plate to celebrate a walk-off home run in 2010? Kendrys Morales
25%
What player has more World Series rings and stolen bases in the Playoffs than Playoff At-Bats? Terrance Gore
25%
Which umpire made a controversial safe call in the bottom of the 19th inning of a Pirates vs. Braves game? Jerry Meals
13%
Which player hit his first career MLB home run in his college stadium? Nicky Lopez
13%
What player did the Angels take one pick before Mike Trout? Randal Grichuk
13%
Stan Musial
13%
Who is the last switch-hitting AL MVP? Vida Blue
13%
What player is in the Hall of Fame because he invented the Curveball? Candy Cummings
0%
What teammate did Zack Greinke slash better than during his time on the Diamondbacks? Jeff Mathis
0%
What astronomical event was taking place as the Red Sox won their first World Series since 1918? Lunar Eclipse
0%
What baseball player is believed to be the first person to be photographed flipping the bird? Old Hoss Radbourn
0%
No matching quizzes found
Score Distribution
Percent of People with Each Score
Percentile by Number Answered
Your Score History
You have not taken this quiz